[Event "POTENTIALLY IMMORTAL GAMES 3"]
[Site "SchemingMind.com"]
[Date "2020.05.10"]
[Round "-"]
[White "Steven DuCharme"]
[Black "Ricardo Martinez Puigros"]
[Result "0-1"]
[WhiteCountry "USA"]
[BlackCountry "ESP"]
[WhiteElo "1559"]
[WhiteRD "64"]
[BlackElo "2037"]
[BlackRD "79"]
[GameID "454938"]

1. g3 Nf6 2. Bg2 g6 3. b3 Bg7 4. Bb2 O-O 5. Nf3 d5 6. O-O c5 7. d3 Nc6 8. Nbd2 Qc7 9. e4 Rd8 10. exd5 Nxd5
11. Bxg7 Kxg7 12. Nb1 e5 13. a3 b6 14. c4 Nde7 15. Qc2 Bf5 16. Rd1 Rac8 17. Nc3 a6 18. Nh4 Be6 19. Nd5 Nxd5 20. cxd5 Bxd5
21. Bxd5 Rxd5 22. f3 Qd7 23. Ng2 Nd4 24. Qf2 Nxb3 25. Rab1 Rxd3 26. Rxd3 Qxd3 27. Qb2 Qd4+ 28. Qxd4 Nxd4 29. Rxb6 c4
0-1

[Event "POTENTIALLY IMMORTAL GAMES 3"]
[Site "SchemingMind.com"]
[Date "2020.05.10"]
[Round "-"]
[White "Ricardo Martinez Puigros"]
[Black "Steven DuCharme"]
[Result "1-0"]
[WhiteCountry "ESP"]
[BlackCountry "USA"]
[WhiteElo "2012"]
[WhiteRD "91"]
[BlackElo "1568"]
[BlackRD "59"]
[GameID "454939"]

1. d4 Nf6 2. c4 e6 3. a3 a5 4. Nc3 b6 5. e4 d6 6. f4 Bb7 7. Bd3 Be7 8. Nf3 Nbd7 9. O-O O-O 10. h3 e5
11. fxe5 dxe5 12. d5 Bd6 13. Rb1 Nc5 14. Bc2 Nfxe4 15. Nxe4 Nxe4 16. Bxe4 f5 17. Bc2 e4 18. Ng5 Bc8 19. h4 h6 20. Qh5 hxg5
21. hxg5 g6 22. Qxg6+ Kh8 23. Kf2 Qe8 24. Rh1+
1-0

[Event "POTENTIALLY IMMORTAL GAMES 3"]
[Site "SchemingMind.com"]
[Date "2020.05.11"]
[Round "-"]
[White "grabapawn"]
[Black "Ricardo Martinez Puigros"]
[Result "0-1"]
[WhiteCountry "USA"]
[BlackCountry "ESP"]
[WhiteElo "1530"]
[WhiteRD "65"]
[BlackElo "2012"]
[BlackRD "91"]
[GameID "454940"]

1. d4 d5 2. Bf4 Nf6 3. e3 Bf5 4. Bd3 Bxd3 5. Qxd3 a6 6. Nf3 e6 7. c3 c5 8. Nbd2 Nc6 9. O-O-O b5 10. b3 c4
11. bxc4 bxc4 12. Qc2 Nh5 13. Bg3 Nxg3 14. hxg3 Ba3+ 15. Kb1 Rb8+ 16. Ka1 Bb2+ 17. Kb1 Bxc3+ 18. Kc1 Bb2+ 19. Kb1 Bxd4+ 20. Kc1 Bb2+
21. Kb1 Bf6+ 22. Kc1 Qa5 23. Rdf1 g6 24. Nb1 Nb4 25. Qd2 Nd3+ 26. Kd1 Rxb1+
0-1

[Event "POTENTIALLY IMMORTAL GAMES 3"]
[Site "SchemingMind.com"]
[Date "2020.05.11"]
[Round "-"]
[White "Ricardo Martinez Puigros"]
[Black "grabapawn"]
[Result "1-0"]
[WhiteCountry "ESP"]
[BlackCountry "USA"]
[WhiteElo "2012"]
[WhiteRD "91"]
[BlackElo "1530"]
[BlackRD "65"]
[GameID "454941"]

1. d4 d6 2. c4 Nf6 3. Nc3 Nbd7 4. e4 e5 5. Nf3 Be7 6. h3 c6 7. Be2 Qc7 8. O-O h6 9. Be3 Nf8 10. Qd2 Ng6
11. a3 Nh5 12. Nxe5 Nhf4 13. Bxf4 dxe5 14. Be3 Nh4 15. f4 exd4 16. Bxd4 c5 17. Be3 g5 18. Nd5 Qc6 19. Bh5 g4 20. hxg4 Rg8
21. f5 Qd6 22. Bf4 Qd8 23. Nc7+
1-0

[Event "POTENTIALLY IMMORTAL GAMES 3"]
[Site "SchemingMind.com"]
[Date "2020.05.09"]
[Round "-"]
[White "Carl Lenox"]
[Black "Ricardo Martinez Puigros"]
[Result "0-1"]
[WhiteCountry "CAN"]
[BlackCountry "ESP"]
[WhiteElo "1256"]
[WhiteRD "70"]
[BlackElo "2012"]
[BlackRD "91"]
[GameID "454942"]

1. e4 c5 2. Nf3 d6 3. d4 cxd4 4. Nxd4 Nf6 5. Qe2 e5 6. Nf5 Bxf5 7. exf5 a6 8. g4 Be7 9. Bg2 Nc6 10. Nc3 Rb8
11. Be3 h6 12. O-O-O Qa5 13. Kb1 Qb4 14. Bxc6+ bxc6 15. Qxa6 Qxb2#
0-1

[Event "POTENTIALLY IMMORTAL GAMES 3"]
[Site "SchemingMind.com"]
[Date "2020.05.09"]
[Round "-"]
[White "Ricardo Martinez Puigros"]
[Black "Carl Lenox"]
[Result "1-0"]
[WhiteCountry "ESP"]
[BlackCountry "CAN"]
[WhiteElo "2012"]
[WhiteRD "91"]
[BlackElo "1256"]
[BlackRD "70"]
[GameID "454943"]

1. d4 g6 2. c4 Nf6 3. Nc3 Bg7 4. e4 O-O 5. f4 d6 6. Nf3 b6 7. Bd3 Bb7 8. O-O Nbd7 9. h3 c6 10. Be3 Re8
11. g4 e5 12. fxe5 dxe5 13. d5 c5 14. Nb5 Bf8 15. Qd2 a6 16. Nc3 Re7 17. Qf2 h6 18. g5 Nh5 19. gxh6 Kh7 20. Ng5+
1-0

[Event "POTENTIALLY IMMORTAL GAMES 3"]
[Site "SchemingMind.com"]
[Date "2020.05.09"]
[Round "-"]
[White "Black Knight"]
[Black "Ricardo Martinez Puigros"]
[Result "0-1"]
[WhiteCountry "USA"]
[BlackCountry "ESP"]
[WhiteElo "1312"]
[WhiteRD "50"]
[BlackElo "2084"]
[BlackRD "118"]
[GameID "454944"]

1. e4 c5 2. Nf3 d6 3. Bb5+ Nc6 4. Nc3 Bd7 5. d3 Nf6 6. O-O e6 7. Bg5 Be7 8. e5 dxe5 9. Bxc6 Bxc6 10. Nxe5 Rc8
11. a3 O-O 12. Re1 Nd5 13. Nxc6 bxc6 14. Bxe7 Qxe7 15. b4 Nxc3 16. Qd2 Nd5 17. c4 Nf6 18. Qg5 cxb4 19. axb4 Qxb4 20. Kf1 Rc7
21. Rab1 Qd6 22. Rbd1 Qxh2 23. Re3 Qh5 24. Qf4 Qxd1+ 25. Re1 Qxd3+ 26. Re2 Rb7
0-1

[Event "POTENTIALLY IMMORTAL GAMES 3"]
[Site "SchemingMind.com"]
[Date "2020.05.09"]
[Round "-"]
[White "Ricardo Martinez Puigros"]
[Black "Black Knight"]
[Result "1-0"]
[WhiteCountry "ESP"]
[BlackCountry "USA"]
[WhiteElo "2012"]
[WhiteRD "91"]
[BlackElo "1301"]
[BlackRD "53"]
[GameID "454945"]

1. d4 Nf6 2. c4 d6 3. Nc3 g6 4. e4 c5 5. d5 e6 6. dxe6 fxe6 7. Bg5 Be7 8. Nf3 Nc6 9. a3 e5 10. Be2 Nd4
11. h3 h6 12. Be3 Nxe2 13. Qxe2 Be6 14. O-O Qc7 15. Rfd1 O-O-O 16. Rdc1 a6 17. Nd2 Qc6 18. b4 Nh5 19. b5 Qb6 20. Qd1 Bg5
21. bxa6 Bxe3 22. axb7+ Qxb7 23. fxe3 Kd7 24. a4 Ng3 25. Kh2 Nh5 26. Nd5 Bxd5 27. exd5 Rhf8 28. Rcb1 Qa8 29. Qg4+ Kc7 30. Qxg6 Nf6
31. Qxh6 Rd7 32. Rf1 Rdf7 33. Qg6 Qd8 34. a5 Kc8 35. a6 Ra7 36. Qb1 Qc7 37. Ne4 Nxe4 38. Rxf8+
1-0

[Event "POTENTIALLY IMMORTAL GAMES 3"]
[Site "SchemingMind.com"]
[Date "2020.05.10"]
[Round "-"]
[White "ray winteringham"]
[Black "Ricardo Martinez Puigros"]
[Result "0-1"]
[WhiteCountry "ENG"]
[BlackCountry "ESP"]
[WhiteElo "1475"]
[WhiteRD "50"]
[BlackElo "2084"]
[BlackRD "118"]
[GameID "454946"]

1. e4 c5 2. d4 e6 3. c3 d5 4. e5 Nc6 5. Be3 Qb6 6. Nf3 Qxb2 7. Nbd2 Qxc3 8. Qb3 Qxa1+ 9. Nb1 cxd4 10. Bd2 Ba3
11. Bd3 Qb2 12. Qxa3 Qxa3 13. Nxa3 a6 14. O-O Nge7 15. Bf4 O-O 16. Nc2 Ng6 17. Bg3 b5 18. Nfxd4 Ncxe5 19. Be2 Bb7 20. h3 Rac8
21. f4 Nc4 22. f5 e5 23. fxg6 exd4 24. Nxd4 hxg6 25. Bg4 Rce8 26. Nf3 f5 27. Nd4 fxg4
0-1

[Event "POTENTIALLY IMMORTAL GAMES 3"]
[Site "SchemingMind.com"]
[Date "2020.05.10"]
[Round "-"]
[White "Ricardo Martinez Puigros"]
[Black "ray winteringham"]
[Result "1-0"]
[WhiteCountry "ESP"]
[BlackCountry "ENG"]
[WhiteElo "1737"]
[WhiteRD "173"]
[BlackElo "1485"]
[BlackRD "47"]
[GameID "454947"]

1. d4 d5 2. c4 e6 3. Nc3 Nf6 4. Bg5 Nbd7 5. e3 Bb4 6. Bxf6 Qxf6 7. Qb3 Bxc3+ 8. Qxc3 Nb6 9. Nf3 c6 10. Bd3 Bd7
11. Ne5 O-O-O 12. O-O Kb8 13. c5 Nc8 14. b4 g6 15. a4 b5 16. axb5 cxb5 17. c6 Be8 18. c7+ Kb7 19. cxd8=Q Qxd8 20. Qc5 a6
21. Rfc1 f6 22. Nc6 Bxc6 23. Qxc6+ Kb8 24. Rxa6 Na7 25. Rxa7 Kxa7 26. Ra1+ Kb8 27. Ra8#
1-0

[Event "POTENTIALLY IMMORTAL GAMES 3"]
[Site "SchemingMind.com"]
[Date "2020.05.10"]
[Round "-"]
[White "Mihir Chandrashekhar"]
[Black "Ricardo Martinez Puigros"]
[Result "0-1"]
[WhiteCountry "IND"]
[BlackCountry "ESP"]
[WhiteElo "1717"]
[WhiteRD "66"]
[BlackElo "2012"]
[BlackRD "91"]
[GameID "454948"]

1. e4 c5 2. Nf3 d6 3. d4 cxd4 4. Nxd4 Nf6 5. Nc3 e6 6. g4 h6 7. h4 Nc6 8. g5 hxg5 9. Bxg5 Qb6 10. Ndb5 a6
11. Nxd6+ Bxd6
0-1

[Event "POTENTIALLY IMMORTAL GAMES 3"]
[Site "SchemingMind.com"]
[Date "2020.05.10"]
[Round "-"]
[White "Ricardo Martinez Puigros"]
[Black "Mihir Chandrashekhar"]
[Result "1-0"]
[WhiteCountry "ESP"]
[BlackCountry "IND"]
[WhiteElo "2037"]
[WhiteRD "79"]
[BlackElo "1733"]
[BlackRD "65"]
[GameID "454949"]

1. d4 Nf6 2. c4 c5 3. e3 e6 4. Nc3 d5 5. Nf3 Nc6 6. a3 cxd4 7. exd4 Be7 8. c5 O-O 9. Bd3 b6 10. b4 bxc5
11. bxc5 a5 12. O-O Ba6 13. Bf4 Nh5 14. Be3 Bxd3 15. Qxd3 Qd7 16. Na4 Ne5 17. Nb6 Nxf3+ 18. gxf3 Qc7 19. Nxa8 Rxa8 20. Rab1 Nf4
21. Qd2 Ng6 22. a4 Nh4 23. Qe2 f5 24. f4 Bd8 25. Kh1
1-0